Inteligentná navigácia mobilného robota

Salvato in:
Dettagli Bibliografici
Autore principale: Dráb, Peter (Autore)
Altri autori: Vitko, Anton (Relatore della tesi)
Natura: Manoscritto Libro
Lingua:slovacco
Pubblicazione: Bratislava : STU v Bratislave FEI, 2003
Soggetti:
Tags: Aggiungi Tag
Nessun Tag, puoi essere il primo ad aggiungerne!!

MARC

LEADER 00000ntm a22000003a 4500
001 stu80973
005 20160719164727.5
008 030616s2003------------------------slo-d
040 |a STU  |b slo 
041 0 |a slo 
100 1 |a Dráb, Peter  |4 aut 
245 1 |a Inteligentná navigácia mobilného robota 
260 |a Bratislava :  |b STU v Bratislave FEI,  |c 2003 
300 |a 89 s 
650 7 |a automatizácia  |2 stusub 
700 1 |a Vitko, Anton  |4 ths  |u J110  |U SjF Ústav automatizácie, merania a aplikovanej informatiky  |T SjF Katedra automatizácie, informačnej a prístrojovej techniky  |U J110  |Y 37